| 000 | 00696nam a2200217 4500 | ||
|---|---|---|---|
| 999 |
_c2760 _d2760 |
||
| 003 | OSt | ||
| 005 | 20201119102716.0 | ||
| 008 | 201119b ||||| |||| 00| 0 eng d | ||
| 020 | _a9781437727661 | ||
| 040 |
_aKABLIB _cKABLIB _dKABLIB |
||
| 082 |
_223 _a616.132 _bBLA |
||
| 100 |
_aBlack, Henry R. _97445 |
||
| 245 |
_aHypertension : _ba companion to Braunwald's heart disease / _cHenry R. Black, William J. Elliott. |
||
| 250 | _a2nd ed. | ||
| 260 |
_aPhiladelphia, PA : _bElsevier, _cc2013. |
||
| 300 |
_axxi, 465 p. : _bill. ; _c29 cm. |
||
| 500 | _aIncludes index. | ||
| 504 | _aIncludes bibliographic references. | ||
| 700 |
_aElliott, William J., _eJoint Author. _97446 |
||
| 942 |
_2ddc _cBOOK |
||